| 000 | 01404nam a2200349Ia 4500 | ||
|---|---|---|---|
| 001 | ebr10466306 | ||
| 003 | CaPaEBR | ||
| 006 | m u | ||
| 007 | cr cn||||||||| | ||
| 008 | 100603s2010 mau sb 001 0 eng d | ||
| 010 | _z 2010022409 | ||
| 020 | _z0674050894 | ||
| 020 | _z9780674050891 | ||
| 040 |
_aCaPaEBR _cCaPaEBR |
||
| 035 | _a(OCoLC)733323692 | ||
| 050 | 1 | 4 |
_aKF390.5.C6 _bO344 2010eb |
| 082 | 0 | 4 |
_a343.7309/944 _222 |
| 245 | 0 | 4 |
_aThe offensive Internet _h[electronic resource] : _bprivacy, speech, and reputation / _cedited by Saul Levmore and Martha C. Nussbaum. |
| 260 |
_aCambridge, MA : _bHarvard University Press, _c2010. |
||
| 300 | _avi, 299 p. | ||
| 504 | _aIncludes bibliographical references and index. | ||
| 533 |
_aElectronic reproduction. _bPalo Alto, Calif. : _cebrary, _d2011. _nAvailable via World Wide Web. _nAccess may be limited to ebrary affiliated libraries. |
||
| 650 | 0 |
_aInternet _xLaw and legislation _zUnited States. |
|
| 650 | 0 |
_aLibel and slander _zUnited States. |
|
| 650 | 0 |
_aPrivacy, Right of _zUnited States. |
|
| 650 | 0 |
_aReputation (Law) _zUnited States. |
|
| 655 | 7 |
_aElectronic books. _2local |
|
| 700 | 1 | _aLevmore, Saul X. | |
| 700 | 1 |
_aNussbaum, Martha Craven, _d1947- |
|
| 710 | 2 | _aebrary, Inc. | |
| 856 | 4 | 0 |
_uhttp://site.ebrary.com/lib/rucke/Doc?id=10466306 _zAn electronic book accessible through the World Wide Web; click to view |
| 999 |
_c132203 _d132203 |
||